Straight Shot to Antarctica and the Arctic Circle - Statistics

General Stats
  • This quiz has been taken 427 times
  • The average score is 10 of 12
Answer Stats
Country % Correct
Canada
95%
United States
95%
Russia
94%
United Kingdom
91%
Norway
88%
Iceland
84%
Denmark
81%
Brazil
79%
France
78%
Spain
75%
Portugal
72%
Cape Verde
51%
No matching quizzes found
Score Distribution
Percent of People with Each Score
Percentile by Number Answered
Your Score History
You have not taken this quiz